| 000 | 00807cam a22002657i 4500 | ||
|---|---|---|---|
| 999 |
_c5534 _d5534 |
||
| 001 | 64428 | ||
| 003 | BD-DhUAP | ||
| 005 | 20201214123206.0 | ||
| 008 | 201214s1985 nyua b 001 0 eng d | ||
| 020 | _a007049763X | ||
| 035 | _a(OCoLC)ocn996402039 | ||
| 040 |
_aYDX _beng _cYDX _dBD-DhUAP |
||
| 082 | 0 | 4 |
_a690 PEU _223 |
| 100 | _aPeurifoy, R. L. | ||
| 245 | 0 | 0 |
_aConstruction planning, equipment, and methods / _cR. L. Peurifoy and W. B. Ledbetter. |
| 250 | _a4th ed. | ||
| 264 | 1 |
_aNew York : _bMcGraw-Hill, _cc1985. |
|
| 300 |
_axvi, 683 pages : _billustrations ; _c24 cm |
||
| 490 | _aMcGraw-Hill series in construction engineering and project management. | ||
| 500 | _aIncludes index. | ||
| 650 | 0 | _aBuilding. | |
| 650 | 7 | _aBuilding materials. | |
| 700 | _aLedbetter, W. B. | ||
| 942 |
_2ddc _cBK |
||